O mistério do paço das hortênsias (Record no. 184529)

MARC details
000 -LÍDER
campo de controle de tamanho fixo 00398 a2200169 4500
001 - NÚMERO DE CONTROLE
campo de controle 184529
020 ## - ISBN - INTERNATIONAL STANDARD BOOK NUMBER
ISBN - International Standard Book Number 85-16-00128-8
040 ## - FONTE DA CATALOGAÇÃO
Instituição que transcreveu o registro Magnum
100 ## - ENTRADA PRINCIPAL--NOME PESSOAL
Nome pessoal Noronha, Teresa
240 10 - TÍTULO UNIFORME
Título uniforme O mistério do paço das hortênsias
Idioma da obra por
245 10 - TÍTULO
Título O mistério do paço das hortênsias
300 ## - DESCRIÇÃO FÍSICA
Extensão 62
362 0# - DATAS DE PUBLICAÇÃO E/OU DESIGNAÇÃO SEQUENCIAL
Datas de publicação e/ou designação sequencial 1983
440 #1 - DECLARAÇÃO DE SÉRIE/ENTRADA ADICIONADA--TÍTULO
Título Moderna
697 ## - ENTRADA DE ASSUNTO LOCAL--ENTIDADE COLETIVA (RLIN)
Nome corporativo ou nome da jurisdição LITERATURA INFANTO-JUVENIL
942 ## - ELEMENTOS DE ENTRADA ADICIONADOS (KOHA)
Tipo de material Koha Livros
Holdings
Situação do descarte Situação das perdas Situação física Não pode ser emprestado Biblioteca de origem Biblioteca atual Data de aquisição Total de empréstimos Número de chamada completo Código de barras Data de último acesso Data do preço efetivo Tipo de material Koha
        Magnum Magnum 08/06/2024   869.2.182 MAG00044086 08/06/2024 08/06/2024 Livros
        Magnum Magnum 08/06/2024   869.2.182 MAG00044087 08/06/2024 08/06/2024 Livros
        Magnum Magnum 08/06/2024   869.2.182 MAG00044088 08/06/2024 08/06/2024 Livros
        Magnum Magnum 08/06/2024   869.2.182 MAG00044089 08/06/2024 08/06/2024 Livros
        Magnum Magnum 08/06/2024   869.2.182 MAG00044090 08/06/2024 08/06/2024 Livros